000 01471cam a2200457 a 4500
001 124427
005 20230410105511.0
008 120131s2012 njua 001 0 eng d
010 _a2012932069
020 _a9781938134005
020 _a9781938134012
020 _a193813401X
035 _a(OCoLC)ocn779873552
040 _aBTCTA
_beng
_cBTCTA
_dYDXCP
_dBDX
_dUV0
_dCDX
_dDLC
041 1 _aeng
_hchi
042 _alccopycat
043 _aa-cc---
050 1 4 _aHC 427.95
_bZ63c 2012
082 0 0 _a951.06
100 1 _aZhang, Wei-Wei,
_d1957-
240 1 0 _aZhongguo zhen han.
_lEnglish
245 1 4 _aThe China wave :
_brise of a civilizational state /
_cZhang Weiwei.
260 _aHackensack, N.J. :
_bWorld Century,
_cc2012.
300 _axiv, 190 p. :
_bill. ;
_c23 cm.
500 _aTranslation of: Zhongguo zhen han : yi ge "wen ming xing guo jia" de jue qi.
500 _aIncludes index.
651 0 _aChina
_xEconomic conditions
_y2000-
651 0 _aChina
_xEconomic policy
_y2000-
651 0 _aChina
_xHistory
_y21st century.
651 0 _aChina
_xCivilization.
650 0 _aNational characteristics, Chinese.
650 0 _aEast and West.
650 4 _aCaracterísticas nacionales, chino.
650 4 _aEste y oeste.
651 4 _aChina
_xCondiciones económicas
_y2000-
651 4 _aChina
_xCondición política
_y2000-
651 4 _aChina
_xHistoria
_ySiglo xxi.
651 4 _aChina
_xCivilización.
942 _2lcc
_cbk
946 _almd
999 _c37972
_d37972